000 01138cam a22002174a 4500
005 20250605164127.0
008 250528s ||||||||||||||||||||||||d
035 _a18485
020 _a673382559
040 _aGR-AtMCL
_bgre
_dGR-AtMCL
_eAACR2
245 1 _aFinite Mathematics and Calculus with Applications / Third Edition
250 _a3rd
260 _bScott, Foresman And Company,
_c1989
300 _a1100
520 _aIndex of Applications, Review of Algebra, Functions and Graphs, Systems of Linear Equations and Matrices, Linear Programming: The Graphical Method, Linear Programming: The Simplex Method, Sets and Counting, Probability, Statistics and Probability Distributions, Markov Chains and Decision Theory, Mathematics of Finance, The Derivative, Applications of the Derivative, Exponential and Logarithmic Functions, Integration, Further Techniques and Applications of Integration, Functions of Several Variables, Probability and Calculus, Tables, Answers to Selected Exercises, Index.
700 1 _aLial Margaret L.
_94745
700 1 _aMiller Charles D
_94746
942 _cBK
999 _c3845
_d3845